A road destinations: Scotland Quiz Stats

 Plays Quiz not verified by Sporcle

Support Sporcle.
Go Orange.
Score 0/66 Timer 10:00
0 Plays Today
road number town or city % Correct
A90Edinburgh
96.7%
A7Edinburgh
96.7%
A70Edinburgh
96.7%
A71Edinburgh
96.7%
A8Edinburgh
96.7%
A89Newbridge nr Edinburgh
96.7%
A74Glasgow
96.3%
A77Glasgow
96.3%
A80Glasgow
96.3%
A81Glasgow
96.3%
A82Glasgow
96.3%
A89Glasgow
96.3%
A96Aberdeen
92.5%
A93Aberdeen
92.5%
A82Inverness
92.3%
A96Inverness
92.3%
A93Perth
82.9%
A94Perth
82.9%
A85Perth
82.9%
A84Stirling
77.6%
A80Stirling
77.6%
A91Stirling
77.6%
A70Ayr
74.3%
A79Ayr
74.3%
A86Spean Bridge nr Fort William
66.4%
A9Scrabster nr Thurso
64.3%
A85Oban
63.6%
A77Portpatrick nr Stranraer
61.7%
A76Dumfries
60.5%
A75Stranraer
59.8%
A76Kilmarnock
57.9%
A78Greenock
52.3%
A8Greenock
52.3%
road number town or city % Correct
A9Falkirk
51.6%
A91St Andrews
50.9%
A7Carlisle
50.5%
A74Carlisle
50.5%
A75Gretna
42.8%
A98Fochabers nr Elgin
40.9%
A92Dunfermline
40%
A98Fraserburgh
37.1%
A90Fraserburgh
37.1%
A99John o Groats
36%
A87Uig
35%
A71Irvine
34.1%
A72Hamilton
34.1%
A95Aviemore
33.4%
A83Campbeltown
32.5%
A72Galashiels
31.8%
A73Cumbernauld
30.8%
A73Abington nr Lanark
27.3%
A78Monkton nr Prestwick
25.5%
A79Monkton nr Prestwick
25.5%
A92Stonehaven
24.5%
A94Forfar
18.9%
A83Tarbet
18.7%
A97Banff
18.5%
A95Banff
18.5%
A86Kingussie
18%
A81Callander
14.7%
A87Invergarry
11.9%
A84Lochearnhead
11%
A97Dinnet nr Ballater
9.6%
A88Stenhousemuir
9.3%
A88Larbert
9.3%
A99Latheron
5.6%

You're not logged in!

Compare scores with friends on all Sporcle quizzes.
OR
Log In

From the Vault

Word Race (3 Letters)

by paranoid_android

See how you did and act hip, big fun for all!
Remove Ads.
Support Sporcle.
Get the best of Sporcle when you Go Orange. This ad-free experience offers more features, more stats, and more fun while also helping to support Sporcle. Thank you for becoming a member.

Show Comments

Extras

Top Quizzes Today


Score Distribution

Your Account Isn't Verified!

In order to create a playlist on Sporcle, you need to verify the email address you used during registration. Go to your Sporcle Settings to finish the process.

Report this User

Report this user for behavior that violates our Community Guidelines.

Details: